Philadelphia 76ers NBA Awards Winners - Statistics

General Stats
  • This quiz has been taken 1,043 times
    536 since last reset
  • The average score is 9 of 14
Answer Stats
Player % Correct
Joel Embiid
100%
Allen Iverson
98%
Julius Erving
91%
Moses Malone
91%
Wilt Chamberlain
91%
Ben Simmons
90%
Tyrese Maxey
86%
Dikembe Mutombo
74%
Michael Carter Williams
63%
Larry Brown
25%
Aaron McKie
21%
Bobby Jones
21%
Dolph Schayes
20%
Dana Barros
10%
No matching quizzes found
Score Distribution
Percent of People with Each Score
Percentile by Number Answered
Your Score History
You have not taken this quiz since the last reset